MDQL
is popping MORE tags! Check the
thread
!
Quizzes
Events
Quiz Creation
Community
Videos
Private Events
Remove Ads
Sign In
Join for FREE
Feedback
Dark Mode
Quiz Categories
Sports
Geography
Music
Movies
Television
Just For Fun
Miscellaneous
History
Literature
Language
Science
Gaming
Entertainment
Religion
Holiday
For Kids
Quiz Lab
Recent
Popular Today
Quiz Kudos Today
Editor Picks
Curator Picks
Quizzes by...
Day
Popularity
Type
Ratings
Length
Year
Community
Subscriptions
Recent Discussions
Orange Saloon
Badges
Playlists
Quests
Create
Leaderboards
Showdown
Live 5
Trivia Bingo
Activity
Puzzle Library
Sporcle Events
Private Events
Virtual Trivia
Globe League
Become a Host
Pub Owners
SporcleCon
Opinionation
Our Games
Videos
Blog
Mobile Apps
Partnerships
Remove Ads and Go Orange
Feedback
Music
Pop Music
The Beatles
Song
Album
Lyrics
Bands
Singers
Artist
Clip
Rock
Rap
Classical
Billboard
Country Music
Kpop
Taylor Swift
Music
Pop Music
The Beatles
Song
Album
Lyrics
Bands
Singers
Artist
Clip
Rock
Rap
Classical
Billboard
Country Music
Kpop
Taylor Swift
Random Quiz
Search Sporcle
×
Quiz Lab
Quiz Lab
Music
Clickable
Select answers by clicking on text or image buttons
Select answers by clicking on text or image buttons
Clickable
Best Score? Go Orange.
All-time top songs by multiple acts (1-50) Stats
Can you pick the songs that made the top 40 for ALL these acts?
By
rockgolf
10m
50 Questions
538 Plays
538 Plays
538 Plays
Comments
Comments
Give Quiz Kudos
Give Quiz Kudos
-
- Ratings
hide this ad
More Info
Forced Order
Answers have to be entered in order
Answers have to be entered in order
Replay
Link that replays current quiz
Next Quiz
Link to next quiz in quiz playlist
You Got
0%
They Got
Avg Score
56%
Avg Friend Score
Upgrade to see
Score Distribution
Jump to the score distribution portion of the page
Score
0/50
Timer
10:00
0
Plays Today
% Correct
Total Eclipse Of The Heart
86.8%
Light My Fire
81.8%
The Twist
81.2%
Stand By Me
79.4%
I Heard It Through The Grapevine
78.3%
The Loco-Motion
78.1%
When A Man Loves A Woman
77.3%
Time After Time
77.1%
I Think We're Alone Now
75.3%
Can't Help Falling In Love
74.3%
You've Lost That Lovin' Feeling
74.2%
Hey Jude
72.5%
Baby, I Love Your Way
71.6%
Venus
70.8%
Endless Love
69.9%
Play That Funky Music
69.5%
Lean On Me
68.8%
I'll Be There
68.6%
Funkytown
68.6%
Life Is A Highway
63%
You Keep Me Hangin' On
60.6%
Heaven
60.4%
I Can See Clearly Now
60.4%
Sukiyaki
59.3%
You Light Up My Life
58.2%
% Correct
Hard To Say I'm Sorry
56.9%
Last Kiss
56.9%
Drift Away
56.7%
Listen To Your Heart
55.9%
MacArthur Park
55.4%
Wild Night
52%
Please Mr. Postman
51.9%
The Power of Love
51.7%
Without You
50.7%
Breaking Up Is Hard To Do
49.8%
Crying
49.8%
It's Now Or Never
49.1%
Rock On
48.7%
The Letter
45.9%
Back At One
45%
Emotion
36.8%
Go Away Little Girl
34.6%
Please Don't Go
33.1%
Handy Man
33.1%
All Cried Out
30.9%
Everlasting Love
29.9%
Daddy's Home
24.5%
Yes, I'm Ready
21%
So Much In Love
19.5%
Let It Be Me
18.8%
Quiz Playlist
Details
Report
Send in Message
Add To Playlist
More Info:
Song are ranked by combined chart performance of all versions.
Clickable:
Select answers by clicking on text or image buttons
Forced Order:
Answers have to be entered in order
Last Updated: Feb 16, 2017
Quiz Scoreboard
CHALLENGE
Sign Up to Join the Scoreboard
Show All
Scores
Hide
Comments
May contain spoilers
Recently Published
Find the 'City' Movie
by crazypaving
Movies
60s
5x2 Blitz: Bands
by SL_Kpop136
Music
30s
Colored Red Africa Blitz
by spor1
Geography
30s
More to Explore
Quiz From the Vault
Featured Blog Post
14 Easter Pick-up Lines to Find Eggs With
hide this ad
You Might Also Like...
Tags
Clickable Quiz
Song Quiz
1-50
Act
multiple
Today's Top Quizzes in Music
Browse Music
hide this ad
Today's Top Quizzes in Clickable
Browse Clickable
Top Contributed Quizzes in Music
1
5X2 Blitz: Bands II
2
Taylor Swift All Songs (2024)
3
Taylor Swift Logic Puzzle II
4
5X2 Blitz: The Beatles
5
5X2 Blitz: Billboard
6
Taylor Swift Logic Puzzle
7
5X2 Blitz: Billboard II
8
5X2 Blitz: Album
9
5X2 Blitz: Singers
10
Music Artist by Three 2010s hits
Explore More
Trending Topics
Marvel
Disney
NBA
Crossword
Harry Potter
Anime
Kpop
The Office
Song
Country
Soccer
Pokémon
Puzzle
NFL
WWE
hide this ad
More By:
rockgolf
Quiz
Plays
Rating
Category
Featured
Created
The Beatles or Rebecca Black?
1,630,191
3.11
Music
May 3, 2011
Harry Potter Safe Cracker
996,464
4.43
Literature
Dec 3, 2010
Progressively Tougher World Capitals
989,653
4.60
Geography
Feb 28, 2010
Big 4 Sports Logos by Letter
902,402
4.10
Sports
Jan 23, 2010
Figure Out the Lyrics III
534,486
4.36
Music
Dec 14, 2009
Go to Creator's Profile
Score Distribution
Quiz Creator Spotlight
rockgolf
Follow
Send a Message
Quizzes Created
-
Created Quiz Play Count
-
More By This Creator
Popular Quizzes Today
1
Colored Red Africa Blitz
2
Find the US States - No Outlines Minefield
3
Find the 'City' Movie
4
5x2 Blitz: Bands
5
The Countries of the World
6
Find the US States
7
US States
8
9x9 Crossword: Cartoon Network
More Music Quizzes
Nine in Time: TWICE Members
Editor's Pick
Trending Quizzes
Colored Red Europe Blitz I
Colored Red Europe Blitz II
Colored Red Africa Blitz II
Colored Red Africa Blitz III
Colored Red Europe Blitz III
Recently Updated
Godzilla Movies
pecheneg
Grab Bag: 4-10 Letters
pecheneg
2024 March Madness Bracket
pecheneg
Famous TV Couples
Peacemaker
Champions League XIs: Real Madrid
pecheneg
Largest US Cities 1790-2010
pecheneg
Rides in Walt Disney World
pecheneg
Most Oscar Losses (Acting)
pecheneg
Beyoncé Albums
pecheneg
Leaping Animals
pecheneg
Trending Topics
Crossword
Kpop
Anime
Harry Potter
Marvel
NBA
Disney
Soccer
Song
The Office
NFL
Pokémon
Country
Puzzle
WWE
Your Account Isn't Verified!
In order to create a playlist on Sporcle, you need to verify the email address you used during registration. Go to your
Sporcle Settings
to finish the process.
Report this User
Report this user for behavior that violates our
Community Guidelines
.
Details:
Send Report
Go to the Sporcle.com Mobile Site →
Comments